000 00917nam a2200301 i 4500
003 EG-GICUC
005 20260507152236.0
008 260507s1954 fr ||||| |||| 00| 0 eng d
040 _aEG-GiCUC
_beng
_cEG-GiCUC
_dEG-GiCUC
_erda
041 _aeng
_hfre
082 0 4 _221
_a345.4
_bGR.F
092 0 4 _221
099 _aLaw1 07 345.4 GR.F 1954
100 1 _aGregoire , Roger
_eAuthor.
245 _aThe French Civil Service /
_c Roger Gregoire .
264 _aParis :
_bINTERNATIONAL INSTITUTE OF ADMINISTRATIVE SCIENCES BRUSSELS ,
_c1954 .
300 _a363 pages ,
_c24 cm
336 _2rda content
_atext
337 _2rda media
_aComputer
338 _2rda carrier
_aOnline Resource
546 _aText in English
650 1 _aAdministrative law
650 1 _aPublic jobs
651 1 _2qrmak
856 4 0 _uhttps://fll.law.cu.edu.eg/fulltext/bks/B07-05472.pdf
905 _a60
942 _2ddc
_cBK
_e21
_n0
999 _c76190
_d76190